1333 1122 1000 1643 1810 1995 1358 1612 1871 1262 1728 1988 1556 1076 1309 1571 1980 1445 1996 1413 1915 1409 1333 1303 1148 1738 1164 1618 1027 1796 1813 1979 1061 1773 1513 1862 1593 1700 1291 1130 1569 1316 1594 1454 1627 1958 1618 1232 1360 1735 1191 1300 1867 1710 1003 1598 1709 1306 1848 1924 1011 1915 1817 1307 1152 1048 1639 1127 1348 1664 1678 1924 1176 1690 1991 1498 1494 1631 1560 1486 1981 1054 1884 1124 1018 1583 1049 1083 1737 1249 1386 1730 1161 1189 1298 1432 1211 1898 1668 BCNSPRNW ULIB Ver.6.0+V

เปลี่ยนเป็นภาษาไทย

Change to English
 แสดงรายละเอียดบรรณานุกรม
  กลับหน้าหลัก

Brief Record : Get Marc (ISO 2709) : E-mail record : QR code < ปิดหน้าต่าง
LEADER : 00000nam 2200000uu 4500
001    13399127157
003     ULIB
008    191018s2562||||th 000 0 tha d
020 ^- ^a9786160036202
050 ^- ^aนว.^bต258ณ
100 0^ aตะวัน.
245 10 ^aณ จุดเกิดรัก /^cตะวัน.
250 ^- ^aพิมพ์ครั้งที่ 1.
260 ^- ^aกรุงเทพฯ :^bบริษัทสถาพรบุ๊คส์ จำกัด,^c2562
300 ^- ^a487 หน้า.
945    ^p340^l0^i006344
999    ^aประนอม เกษจรัล
รายการนี้ยังไม่มีแท็ก
คุณยังไม่ได้ล็อกอิน คุณสามารถมีกิจกรรมร่วมกับเว็บไซต์ได้ แต่ต้องล็อกอินก่อน ::
  ล็อกอิน

รายการสื่อสารสนเทศ

ลำดับที่ ประเภท เลขเรียก/บาร์โค้ด สถานที่ สถานะ
1. นวนิยาย
นวนิยาย
นว. ต258ณ ฉ.1 
  Barcode: 006344
ห้องสมุดวิทยาเขตนครสวรรค์
►นวนิยาย:l:Fiction
บนชั้น

รายการใกล้เคียง
    ผู้แต่ง [aตะวัน.]

BibComment


ยังไม่เคยถูกคอมเมนท์

คอมเมนท์ทรัพยากรรายการนี้
  คอมเมนท์: ณ จุดเกิดรัก ตะ..


 Copyright 2026. Bcnsprnw @Library